| 000 | 00432nam a22001817a 4500 | ||
|---|---|---|---|
| 003 | NUST - PNEC | ||
| 005 | 20170116180850.0 | ||
| 008 | 150825b xxu||||| |||| 00| 0 eng d | ||
| 020 | _a8177585827 | ||
| 040 | _cLIBRARY | ||
| 082 | _a574 ZAR | ||
| 100 |
_95665 _aZar, Jerrold H. |
||
| 245 |
_aBiostatistical analysis _cJerrold H Zar |
||
| 250 | _a4th ed | ||
| 260 | _cc1999. | ||
| 650 |
_95668 _aBiometry _xME |
||
| 942 |
_2ddc _cBK |
||
| 999 |
_c64593 _d64593 |
||